Management and organizational behavior classics

Bibliographic Details
Other Authors: Ivancevich, John M
Format: Book
Published: Boston : Irwin/McGraw-Hill , 1999
Edition:7th ed
Subjects:

MARC

LEADER 00000cam a2200000 7i4500
001 0000036981
002 000040047
005 20080131.0
020 |a 0256264570 
090 0 0 |a 658   |b MAN 
245 0 0 |a Management and organizational behavior classics   |c edited by Michael T. Matteson, John M. Ivancevich 
250 |a 7th ed 
260 |a Boston :   |b Irwin/McGraw-Hill ,   |c 1999 
300 |a 313p. ;   |c 24cm. 
650 0 0 |a Organizational behavior 
700 0 |a Ivancevich, John M 
999 |a 084685   |b BUKU   |c PINJAMAN   |e PERPUSTAKAAN KOMUNITI PETALING JAYA